LEADER 01222nam--2200373---450- 001 990006060230203316 005 20150929084351.0 035 $a000606023 035 $aUSA01000606023 035 $a(ALEPH)000606023USA01 035 $a000606023 100 $a20150717d--------km-y0itay50------ba 101 $aita 102 $aIT 105 $a||||||||001yy 200 1 $a<> rapporti tra l'Architettura siciliana e quella campana del Medioevo$fStefano Bottari 210 $a[Roma]$cLibreria dello Stato$d[s.d.] 215 $a7-28 p.$cill.$d29 cm 300 $aEstratto da: Palladio, gennaio-giugno 1955, n. 1-2 300 $aTitolo della copertina 410 0$12001 454 1$12001 606 0 $aArchitettura$xInflussi [dell'] Architettura bizantina [della] Sicilia$yCampania$2BNCF 676 $a720.94572 700 1$aBOTTARI,$bStefano$036125 801 0$aIT$bsalbc$gISBD 912 $a990006060230203316 951 $aFC.OE. 773$b891 FCil$cFC.OE.$d378052 959 $aBK 969 $aFCIL 979 $aGENEROSO$b90$c20150717$lUSA01$h1349 979 $aGENEROSO$b90$c20150929$lUSA01$h0843 996 $aRapporti tra l'Architettura siciliana e quella campana del Medioevo$91102520 997 $aUNISA